000 00430nam a2200181Ia 4500
001 19730
005 20260306172714.0
008 260306t1989||||xx |||||||||||||| ||spa||
041 _aESP
082 _a340.7
_bD76
100 _aD'ors, Alvaro
_eAUT
245 0 _aUna introduccion al estudio del derecho
260 _c1989
300 _a176 páginas :
_c19 cm.
650 _aGEN
654 _aCDE
942 _cLIB
_dJUS
_fJUS
_2ddc
_n
999 _c19730
_d19730